An introduction to high voltage engineering / (Record no. 184494)

000 -LEADER
fixed length control field 00916 a2200181 4500
003 - CONTROL NUMBER IDENTIFIER
control field Nust
005 - DATE AND TIME OF LATEST TRANSACTION
control field 20221201141022.0
020 ## - INTERNATIONAL STANDARD BOOK NUMBER
International Standard Book Number 812032417X
040 ## - CATALOGING SOURCE
Transcribing agency Nust
082 ## - DEWEY DECIMAL CLASSIFICATION NUMBER
Classification number 539.732,RAY
100 ## - MAIN ENTRY--PERSONAL NAME
Personal name Ray, Subir
9 (RLIN) 83300
245 ## - TITLE STATEMENT
Title An introduction to high voltage engineering /
Statement of responsibility, etc. Subir Ray
260 ## - PUBLICATION, DISTRIBUTION, ETC.
Place of publication, distribution, etc. New Delhi
Name of publisher, distributor, etc. Prentice-Hall
Date of publication, distribution, etc. 2004
300 ## - PHYSICAL DESCRIPTION
Extent xv, 231 p.
505 ## - FORMATTED CONTENTS NOTE
Formatted contents note Breakdown Mechanisms In Gases Under Static Uniform Field (Page-1), Breakdown Characteristics Of Gases Under Uniform Field (Page-18), Breakdown Of Gases In A Non Uniform Field (Page-36), Lightning Phenomenon (Page-48), Breakdown In Liquids And Solids (Page-58), Generation Of High Voltages (Page-75), Measurement Of High Voltages (Page-118), Overvoltage Transient In Power Systems (Page-155), High Voltage Testing Of Power System Equipment (Page-202).
650 ## - SUBJECT ADDED ENTRY--TOPICAL TERM
Topical term or geographic name entry element High voltage engineering
9 (RLIN) 103926
942 ## - ADDED ENTRY ELEMENTS (KOHA)
Source of classification or shelving scheme
Koha item type Book
Call number prefix 539.732,RAY
Holdings
Withdrawn status Lost status Source of classification or shelving scheme Damaged status Not for loan Permanent Location Current Location Shelving location Date acquired Full call number Barcode Date last seen Price effective from Koha item type Public note
          Military College of Signals (MCS) Military College of Signals (MCS) General Stacks 12/12/2016 539.732,RAY MCS30837 12/08/2016 12/12/2016 Book Almirah No.16, Shelf No.6
© 2023 Central Library, National University of Sciences and Technology. All Rights Reserved.